| 000 | 01041cam a22002774a 4500 | ||
|---|---|---|---|
| 001 | 16660436 | ||
| 005 | 20170105102346.0 | ||
| 008 | 110219s2011 enka b 001 0 eng | ||
| 010 | _a 2011002521 | ||
| 020 | _a9780470747735 (cloth) | ||
| 040 |
_aDLC _cDLC _dDLC |
||
| 042 | _apcc | ||
| 050 | 0 | 0 |
_aTL221.15 _b.M545 2011 |
| 082 | 0 | 0 |
_a629.2293 _222 |
| 100 | 1 | _aMi, Chris. | |
| 245 | 1 | 0 |
_aHybrid electric vehicles : principles and applications with practical perspectives _bprinciples and applications with practical perspectives _cChris Mi, Abul Masrur, David Wenzhong Gao. |
| 260 |
_aChichester, West Sussex, U.K. ; _aHoboken, N.J. : _bWiley, _cc2011. |
||
| 300 |
_axix, 448 p. : _bill. ; _c25 cm. |
||
| 504 | _aIncludes bibliographical references and index. | ||
| 650 | 0 | _aHybrid electric vehicles. | |
| 700 | 1 | _aMasrur, Abul. | |
| 700 | 1 | _aGao, David Wenzhong. | |
| 906 |
_a7 _bcbc _corignew _d1 _eecip _f20 _gy-gencatlg |
||
| 942 |
_2ddc _cBK |
||
| 999 |
_c11685 _d11685 |
||